|
|
|
|
| LEADER |
00000nab a2200000 a 4500 |
| 001 |
vtls000328416 |
| 003 |
SK-MaSNL |
| 005 |
20260305042057.0 |
| 008 |
111201c1988 xo 0 slo |
| 015 |
|
|
|a SNBRB19rr/mm-uuuuu
|
| 035 |
|
|
|a CL0328538
|
| 040 |
|
|
|a SNKBUCL
|b slo
|c SNKBUCL
|e AACR2
|
| 041 |
0 |
|
|a slo
|
| 044 |
|
|
|a xo
|c SK
|
| 080 |
|
|
|a 353.2
|2 1981
|
| 100 |
1 |
|
|a (pl)
|4 aut
|9 893749
|
| 245 |
1 |
0 |
|a Priorita pre byty a ekológiu
|b Rada VS KNV o zámeroch budúceho roku
|c (pl)
|
| 650 |
0 |
7 |
|a výbory národné krajské
|2 snkbucl
|9 921743
|
| 651 |
|
7 |
|a 5403
|2 snkbucl
|9 893808
|
| 651 |
|
7 |
|a Východoslovenský kraj (Slovensko)
|2 snkbucl
|9 161537
|
| 655 |
|
7 |
|a články z novín a časopisov
|2 snkbucl
|9 267496
|
| 773 |
0 |
|
|t Východoslovenské noviny
|g Roč. 37, č. 187 (10. 8. 1988), s. 1-2
|
| 850 |
|
|
|a Slovenská národná knižnica v Martine
|a MTA001
|
| 852 |
|
|
|a SNK
|b KIS3GCP
|
| 958 |
|
|
|a RK
|
| 992 |
|
|
|a RBX
|
| 999 |
|
|
|c 3346331
|d 3348261
|